000 00612nam a22001937a 4500
005 20160812170244.0
010 _aENG-115495
020 _a9789385493195
_c270.00
035 _aEN-99027
037 _bDBAD/PUB
082 _a330.54
245 _aRathore Indian economy
_cedited by Kunwar Ishwar Singh Rathore
250 _aed. 2016
260 _aNew Delhi
_bRathore Publishers & Distributors
_c2015
270 _a202,2nd Floor, 4832/24, Ansari Road, Daryaganj
_bNew Delhi
_e110002
300 _a353p.
_c24cm(pbk)
700 _dRathore, Kunwar Ishwar Singh
942 _2ddc
_cEN
_h330.54
_mRAT
999 _c101363
_d101363